Segmentation, revenue management, and pricing analytics (Record no. 396878)

MARC details
000 -LEADER
fixed length control field 00581 a2200217 4500
005 - DATE & TIME
control field 20260312112844.0
008 - FIXED-LENGTH DATA ELEMENTS--GENERAL INFORMATION
fixed length control field 260311b |||||||| |||| 00| 0 eng d
020 ## - ISBN
International Standard Book Number 9781138673182
Price Rs. 1195.00
040 ## - CATALOGING SOURCE
Original cataloging agency VIVEKANANDA LIBRARY
082 ## - DDC NUMBER
Classification number 658.1554
Book Number B632S
100 ## - MAIN ENTRY--PERSONAL NAME
Personal name Bodea, Tudor, ed.
245 ## - TITLE STATEMENT
Title Segmentation, revenue management, and pricing analytics
260 ## - PUBLICATION, DISTRIBUTION, ETC. (IMPRINT)
Name of publisher, distributor, etc Routledge
Date of publication, distribution, etc 2023
Place of publication, distribution, etc New York
300 ## - PHYSICAL DESCRIPTION
Pages ix, 255
650 ## - Subject
Subject Management
650 ## - Subject
Subject Marketing
650 ## - Subject
Subject Production-Pricing
650 ## - Subject
Subject Market Segmentation
700 ## - Added Entry Personal Name
Added Entry Personal Name Ferguson, Mark
942 ## - ADDED ENTRY ELEMENTS (KOHA)
Koha item type Books
Holdings
Withdrawn status Lost status Source of classification or shelving scheme Damaged status Not for loan Location (home branch) Sublocation or collection (holding branch) Shelving location Date acquired Koha issues (times borrowed) Koha full call number Accession No. Koha date last seen Koha item type
    Dewey Decimal Classification     VIVEKANANDA LIBRARY VIVEKANANDA LIBRARY IMSAR Library 17/02/2026   658.1554 B632S 420862 17/02/2026 Books
    Dewey Decimal Classification     VIVEKANANDA LIBRARY VIVEKANANDA LIBRARY IMSAR Library 17/02/2026   658.1554 B632S 420863 17/02/2026 Books
© Designed and Maintained by Vivekananda Library, MDU Rohtak